| 000 | 00370nam a2200145Ia 4500 | ||
|---|---|---|---|
| 008 | 230917s9999||||xx |||||||||||||| ||und|| | ||
| 040 |
_e97130 _aMAIN |
||
| 041 | _aEnglish | ||
| 082 | _a969.82 R151M | ||
| 100 | _aRanbir Singh | ||
| 245 | 0 | _aMauritius: The key to the Indian ocean | |
| 260 |
_aNew Delhi _bArnold-Heinemann _c1980 |
||
| 300 | _axi, 80 p. | ||
| 942 | _cBK | ||
| 999 |
_c210851 _d210851 |
||